Movies Quiz

Random Movies or Actor Quiz

Actors by Same First Letter Movies III Quiz Stats

 Plays Quiz not verified by Sporcle

Score 0/30 Timer 06:00
0 Plays Today
% Correct
Robin Williams
91.5%
Adam Sandler
91.5%
Clint Eastwood
90.7%
Tom Hanks
89.5%
Ben Stiller
87.5%
Nicolas Cage
87.2%
Sylvester Stallone
87%
Drew Barrymore
86.1%
Meryl Streep
85.9%
Morgan Freeman
85.9%
Russell Crowe
84.3%
Jeff Bridges
84.1%
Owen Wilson
83.4%
Judi Dench
82.9%
Val Kilmer
82%
% Correct
Woody Harrelson
80%
Burt Reynolds
79.8%
Johnny Depp
78.9%
Antonio Banderas
78.6%
Paul Newman
77.6%
Jack Nicholson
76%
Renee Zellweger
75.8%
Ice Cube
75%
Jamie Foxx
74.1%
Jodie Foster
68.4%
Blake Lively
66.1%
Channing Tatum
65.8%
Sarah Jessica Parker
61%
Sean Penn
59.7%
Kevin Spacey
58.5%

You're not logged in!

Compare scores with friends on all Sporcle quizzes.
OR
Log In

Show Comments

Extras

Top Quizzes Today


Score Distribution

Your Account Isn't Verified!

In order to create a playlist on Sporcle, you need to verify the email address you used during registration. Go to your Sporcle Settings to finish the process.

Report this User

Report this user for behavior that violates our Community Guidelines.

Details: